000
00245 a2200097 4500
001
59590
090
_c
36459
_d
36459
100
_a
tony greening
245
_a
Computer science education in the 21st century
260
_a
New york
_b
Springer
_c
2000
942
_a
NUST-CAE
_k
004.071 GRE
999
_c
294663
_d
294663